000 00367nam a2200145Ia 4500
003 OSt
005 20231215054115.0
008 170524s9999 xx 000 0 und d
020 _a9798179926160
040 _cIIMT UNIVERSITY
100 _aEd. GALICIAN- MARY-LOU
245 0 _aHANDBOOK OF PRODUCT PLACEMENT IN MASS MEDIA
260 _bMUMBAI : JAICO
942 _2ddc
_c01
999 _c8525
_d8525